| 000 | 00512nam a2200157Ia 4500 | ||
|---|---|---|---|
| 003 | IN-BaIIA | ||
| 008 | 211028s9999 xx s 000 0 eng d | ||
| 020 | _a9781510626188 (Online) | ||
| 040 | _cIIA Library | ||
| 100 |
_aWestgate, Christopher _940968 |
||
| 245 | 0 |
_aHow to Determine the Laser-Induced Damage Threshold of 2D Imaging Arrays _h[eBook] |
|
| 260 |
_aWashington, USA _bSPIE _c2019 |
||
| 300 | _aOnline resource | ||
| 856 |
_uhttps://doi.org/10.1117/3.2523509 _yClick Here to Access eBook |
||
| 942 | _cEB | ||
| 999 |
_c22277 _d22277 |
||